00753nam a22002177a 450000500170000001000150001702000240003202000270005603500130008303700130009608200120010910000170012124501510013826000540028927000700034330000300041350000190044365000320046265000220049470000190051620100818135223.0 aENG-100729 a8190257994c1795.00 a9788190257992c1795.00 aEN-84262 bDBAD/PUB a954.082 aAshraf, K.M. aHistorical background to muslim question in India 1764-1945 /cby K.M. Ashraf ; edited with introduction prepared for publication by jaweed Ashraf aDelhibAsha Jyoti Book Sellers & Publishersc2008 aA-35, Dainik-Janyug Apartment, Vashundhara EnclavebDelhie110096 a1v(xiv, 425p.)c22cm (Hb) aincludes index aMuslimsxPolitical activity aPolitical science aAshraf, Jaweed